| 000 | 00926cab a22001935a 4500 | ||
|---|---|---|---|
| 001 | L156887 | ||
| 008 | 120727e2012 xxk 000 0 eng d | ||
| 035 | _a(Sirsi) u156887 | ||
| 041 | 0 | _aeng | |
| 110 | 2 |
_aProperty Week _91549 |
|
| 245 | 0 | 0 | _aOverseas investors find pockets of regional cheer |
| 260 | _c2012 | ||
| 490 | 0 |
_aProperty Week _v78(29) 20 July 2012, 43(1) |
|
| 520 | _aCushman & Wakefield's latest UK property investment report shows prime yields edging up to 5.83% in June 2012, their highest level since March 2010. Fifteen out of 25 market segments are subject to an upward yield trend. Retail market prime yields remain stable but yields are rising in secondary shops, shopping centres, and retail warehouses. Table covers prime property comparative yields across all market sectors from 2007 to date. | ||
| 590 | _aKA | ||
| 651 | 4 | _aUnited Kingdom | |
| 690 |
_aCommercial property _96227 |
||
| 942 | _n0 | ||
| 999 |
_c84187 _d84187 |
||